| 000 | 00558nam a2200181Ia 4500 | ||
|---|---|---|---|
| 005 | 20250326143205.0 | ||
| 008 | 250326s9999 xx 000 0 und d | ||
| 037 | _aTextbook | ||
| 040 |
_aFMSL _beng _cFMSL |
||
| 041 |
_aeng _2eng |
||
| 084 |
_aX:89ZBobY P0 _qFMSL |
||
| 100 |
_aLavoie D _9747341 |
||
| 245 | 0 |
_aCulture and enterprise : The development, representaton and morality of business _cLavoie Dand Others |
|
| 260 |
_aLondon _bLondon, Rutledge _c2000 |
||
| 300 | _a148p | ||
| 942 |
_cTB _hX:89ZBobY P0 |
||
| 999 |
_c1298517 _d1298517 |
||